| 000 | 01164cam a22002174a 4500 | ||
|---|---|---|---|
| 005 | 20250605163927.0 | ||
| 008 | 250528s ||||||||||||||||||||||||d | ||
| 035 | _a14559 | ||
| 020 | _a9607019695 | ||
| 040 |
_aGR-AtMCL _bgre _dGR-AtMCL _eAACR2 |
||
| 245 | 1 | _aΑντίληψη / Γ' Έκδοση | |
| 250 | _a3η | ||
| 260 |
_bΕλληνικά Γράμματα, _c1995 |
||
| 300 | _a64 | ||
| 520 | _aΤο παρόν βιβλίο είναι το δεύτερο από τα έξι τεύχη της ομάδας βιβλίων για τις Γνωστικές Λειτουργίες. Τι Είναι Αντίληψη, Οι Αισθητήριες Λειτουργίες, Από την Αίσθηση στην Αντίληψη, Αναγνώριση Αντικειμένων, Η Ανάπτυξη της Αντίληψης, Υστερόγραφο, Εργασίες, Γενικές Παραπομπές, Βιβλιογραφία, Ευρετήριο Όρων, Απαντήσεις στις Ερωτήσεις Αυτοαξιολόγησης. | ||
| 700 | 1 |
_aCassells Annette _9273 |
|
| 700 | 1 |
_aGreen Patrick _971 |
|
| 942 | _cBK | ||
| 999 |
_c183 _d183 |
||